Gul pash [urdu] (Record no. 327559)

000 -LEADER
fixed length control field 00328 a2200133 4500
001 - CONTROL NUMBER
control field 92486
082 ## - DEWEY DECIMAL CLASSIFICATION NUMBER
Classification number 891.4397 TAH
090 ## - LOCALLY ASSIGNED LC-TYPE CALL NUMBER (OCLC); LOCAL CALL NUMBER (RLIN)
-- 44454
-- 44455
100 ## - MAIN ENTRY--PERSONAL NAME
Personal name Taha Khan Muhammad, prof
245 ## - TITLE STATEMENT
Title Gul pash [urdu]
Statement of responsibility, etc. taha muhammad
260 ## - PUBLICATION, DISTRIBUTION, ETC.
Place of publication, distribution, etc. Peshawar
Name of publisher, distributor, etc. [n. p]
Date of publication, distribution, etc. 2011
300 ## - PHYSICAL DESCRIPTION
Extent 334 p.
520 ## - SUMMARY, ETC.
Summary, etc. urdu satire ; humour
942 ## - ADDED ENTRY ELEMENTS (KOHA)
Institution code [OBSOLETE] CAE NUST
Call number prefix 891.4397 TAH
Holdings
Withdrawn status Lost status Damaged status Not for loan Collection code Permanent Location Current Location Date acquired Total Checkouts Full call number Barcode Date last seen Price effective from Koha item type
          College of Aeronautical Engineering (CAE) College of Aeronautical Engineering (CAE) 04/03/2017   891.4397 TAH CAE88672 04/05/2017 04/05/2017 Book
© 2023 Central Library, National University of Sciences and Technology. All Rights Reserved.